1316 1841 1040 1414 1052 1931 1768 1729 1570 1363 1734 1454 1624 1916 1067 1945 1764 1364 1094 1855 1494 1616 1421 1644 1288 1783 1449 1725 1348 1310 1688 1800 1039 1256 1942 1281 1897 1696 1241 1308 1347 1551 1327 1868 1917 1091 1433 1057 1055 1607 1425 1433 1786 1638 1469 1557 1037 1611 1383 1040 1656 1906 1024 1561 1276 1077 1055 1022 1639 1869 1607 1923 1533 1009 1011 1216 1182 1757 1084 1286 1485 1062 1875 1382 1745 1621 1676 1997 1076 1124 1055 1755 1462 1445 1829 1908 1095 1856 1054 BCNSPRNW ULIB Ver.6.0+V

เปลี่ยนเป็นภาษาไทย

Change to English
 แสดงรายละเอียดบรรณานุกรม
  กลับหน้าหลัก

Brief Record : Get Marc (ISO 2709) : E-mail record : QR code < ปิดหน้าต่าง
LEADER : 00000nam 2200000uu 4500
001    13399112559
003     ULIB
008    110824s2552||||th 000 0 tha d
020    9786115200092
090    นว.^bป535ฝ 2552
100 0  ปั้นหยา
245 00 ฝากหัวใจไว้ใกล้รัก/^cปั้นหยา
250    พิมพ์ครั้งที่ 1
260    กรุงเทพฯ :^b1168พับลิชชิ่ง,^c2552
300    282 หน้า
710 1  1168พับลิชชิ่ง
995    ทศพร
999     ^aใช้งานได้ทุกระบบ
รายการนี้ยังไม่มีแท็ก
คุณยังไม่ได้ล็อกอิน คุณสามารถมีกิจกรรมร่วมกับเว็บไซต์ได้ แต่ต้องล็อกอินก่อน ::
  ล็อกอิน

รายการสื่อสารสนเทศ

ลำดับที่ ประเภท เลขเรียก/บาร์โค้ด สถานที่ สถานะ
- ไม่พบข้อมูล -

รายการใกล้เคียง
    ผู้แต่ง [ปั้นหยา]

BibComment


ยังไม่เคยถูกคอมเมนท์

คอมเมนท์ทรัพยากรรายการนี้
  คอมเมนท์: ฝากหัวใจไว้ใกล้รั..


 Copyright 2026. Bcnsprnw @Library